L'eRoman de la Momie L'Amé de la Maison la Toison D'or (Registro nro. 86182)

Detalles MARC
000 -ENCABEZADO
Número de control [NR] 00618nam a22001817a 4500
008 - DE LONGITUD FIJA DE DATOS DE ELEMENTOS - INFORMACIÓN GENERAL
Elementos de longitud fija [NR] 130821s1858 fr gr fre
040 ## - FUENTE DE CATALOGACION [NR]
Agencia de catalogación original [NR] Co-BoUCM
Idioma de catalogación [NR] spa
041 00 - CODIGO DE IDIOMA [R]
Código de idioma para texto/pista de sonido o título separado [R] Francés
100 ## - ASIENTO PRINCIPAL--NOMBRE PERSONAL [NR]
Nombre personal [NR] Gautier, Theóphile
Fechas asociadas con el nombre [NR] 1811-1872
ID Autoridad 132098
245 03 - MENCION DE TITULO [NR]
Título [NR] L'eRoman de la Momie L'Amé de la Maison la Toison D'or
Mención de responsabilidad, etc. [NR] Theóphile Gautier
260 ## - PUBLICACION, DISTRIBUCION, ETC. (PIE DE IMPRENTA) [R]
Lugar de publicación, distribución, etc. [R] París (Francia)
Nombre del editor, distribuidor, etc. [R] Bibliothéque Larousse
Fecha de publicación, distribución, etc. [R] 1858
300 ## - DESCRIPCION FISICA [R]
Extensión [R] 236páginas
500 ## - NOTA GENERAL [R]
Nota general [NR] Incluye índice
650 04 - ASIENTO SECUNDARIO DE MATERIA - TERMINO TEMATICO [R]
Término temático o nombre geográfico como elemento de entrada [NR] Literatura francesa
9 (RLIN) 7794
650 04 - ASIENTO SECUNDARIO DE MATERIA - TERMINO TEMATICO [R]
Término temático o nombre geográfico como elemento de entrada [NR] Novela francesa
9 (RLIN) 20506
942 ## - ELEMENTOS DE ENTRADA AGREGADOS (KOHA)
Tipo de ítem principal el descrito en 300a Libro
Tema principal Literatura
Edición 1
Parte restante de la signatura top. G18
Título oculto en OPAC No
Sistema de clasificación DEWEY
Clasificación 843.7
Existencias
Signatura topográfica Código de barras Última vez visto Volúmen / Fascículo Ejemplar Price effective from Tipo de ítem Perdido Sistema de clasificación Dañado No prestable Tipo de ítem específico Suprimido Ubicación habitual Ubicación actual Localización Fecha de creación Forma de adquisición Costo
FCS 843.7 G18 120001676 10/07/2012 1858 Ej.1 03/02/2013 Libro   DEWEY     Fondos especiales     Archivo Histórico Archivo histórico 28/02/2003 Donación 1000.00